Statistics for Every Premier League Goalscorer for Oldham Athletic

Click here to take the quiz!

General Stats

  • This quiz has been taken 18 times
  • The average score is 7 of 17

Answer Stats

Player% Correct
Graeme Sharp
73%
Andy Ritchie
64%
Ian Marshall
55%
Neil Adams
55%
Gunnar Halle
45%
Ian Olney
45%
Mike Milligan
45%
Richard Jobson
45%
Neil Pointon
36%
Rick Holden
36%
Sean McCarthy
36%
Chris Makin
27%
Darren Beckford
27%
Paul Bernard
27%
Mark Brennan
18%
Nick Henry
18%
Steve Redmond
18%

Score Distribution

Percentile by Number Answered

Percent of People with Each Score

Your Score History

You have not taken this quiz